Process Dynamics and Control /
Contenido: Parte 1) Introducción al control de procesos; 2) Comportamiento dinámico de los procesos; 3) Control de alimentación y retroalimentación; 4) Control de procesos avanzados; 5) Aplicaciones a sistemas biológicos. Apéndices.
Kaydedildi:
| Diğer Yazarlar: | |
|---|---|
| Materyal Türü: | Kitap |
| Dil: | İngilizce |
| Baskı/Yayın Bilgisi: |
Hoboken, EUA :
Wiley,
2011, c2011
|
| Edisyon: | 3a edición |
| Konular: | |
| Etiketler: |
Etiket eklenmemiş, İlk siz ekleyin!
|
MARC
| LEADER | 00000nam^a2200000^a^4500 | ||
|---|---|---|---|
| 001 | 000350661 | ||
| 005 | 20250521000000.0 | ||
| 009 | 20260310114949.551 | ||
| 020 | |a 978-0-470-12867-1 | ||
| 037 | |a Acervo ITESO - Biblioteca | ||
| 041 | |a ING | ||
| 082 | |a 660. 2815 |b PRO | ||
| 240 | 1 | 1 | |a [Process Dynamics and Control, de Dale E. Seborg] |
| 245 | 0 | 0 | |a Process Dynamics and Control / |c D.E. Seborg... [et al.] |
| 250 | |a 3a edición | ||
| 264 | 4 | |a Hoboken, EUA : |b Wiley, |c 2011, c2011 | |
| 300 | |a XIII, 514 p. | ||
| 336 | |a texto |b txt |2 rdacontenido | ||
| 337 | |a sin mediación |b n |2 rdamedio | ||
| 338 | |a volumen |b nc |2 rdasoporte | ||
| 520 | |a Contenido: Parte 1) Introducción al control de procesos; 2) Comportamiento dinámico de los procesos; 3) Control de alimentación y retroalimentación; 4) Control de procesos avanzados; 5) Aplicaciones a sistemas biológicos. Apéndices. | ||
| 521 | |a 2014 BO Licenciatura en Ingeniería Química | ||
| 521 | |a 2014 BO Licenciatura en Ingeniería Mecánica | ||
| 649 | |a XX | ||
| 650 | |a Industria Química | ||
| 650 | |a Diseño de Sistemas de Control | ||
| 650 | |a Control de Procesos Químicos - |x Tema Principal | ||
| 650 | |a Proceso de Datos - |x Tema Principal | ||
| 650 | |a Ingeniería de Procesos | ||
| 650 | |a Matemáticas de Ingeniería | ||
| 650 | |a Ingeniería Química | ||
| 700 | |a Seborg, Dale E. |e (autor) | ||
| 910 | |a Fondo General | ||
| 920 | |a Impresos - Libros | ||
| 930 | |a Colección General | ||
| 905 | |a 101 | ||
| 901 | |a 0500241144 |b IT1 |c ACC |i C145362 |u 20250521 | ||
| 901 | |a 0500241147 |b IT1 |c ACC |i C145360 |u 20250521 | ||
| 901 | |a 0500241150 |b IT1 |c ACC |i C145361 |u 20250521 | ||
| 902 | |a https://opac.biblio.iteso.mx/vufind/Record/000350661 | ||